000 01170nam a2200289 i 4500
001 106816
003 ES-MaACL
005 20240925131850.0
007 t|
008 061229s1962 sp ||||1| spa d
080 _a73.036(410)(083.824)
245 0 0 _aJoven escultura inglesa
_b: [exposición, Sala de Santa Catalina del Ateneo de Madrid, del 2 al 23 de marzo de 1962] /
_c[texto: Juan Antonio Gaya Nuño].
260 _aMadrid :
_bEditora Nacional,
_c1962.
300 _a[48] p. :
_bprincipalmente il. n. ;
_c18 cm.
490 1 _aCuadernos de arte. Colección extraordinaria ;
_v9
610 2 7 _aAteneo de Madrid-
_vExposiciones-
_y1960-1969.
_91920
650 1 4 _aEscultura británica-
_yS.XX-
_vExposiciones.
_912432
655 7 _2tgfbne
_9193628
_aCatálogos de exposiciones
700 0 _aGaya Nuño, Juan Antonio,
_d1913-1976
_956130
710 2 _aAteneo de Madrid.
_bSala de Santa Catalina.
_91964
830 0 _aCuadernos de arte. Colección extraordinaria ;
_v9
_9185320
852 _aES-MaACL
_j2212-F-9
_9110887
_bR.138517
_cDEPOF
852 _aES-MaACL
_j2255-F-15;
852 _aES-MaACL
_j2255-F-14.
942 _2udc
_cFOLLETOS
999 _c106816
_d106816